| 000 | 00395 a2200169 4500 | ||
|---|---|---|---|
| 001 | 189319 | ||
| 020 | _a85-7666-755-X | ||
| 040 | _cMagnum | ||
| 100 | _aCandell, Arianna | ||
| 240 | 1 | 0 |
_aComo se comportar no parque _lpor |
| 245 | 1 | 0 | _aComo se comportar no parque |
| 300 | _a37 | ||
| 362 | 0 | _a2006 | |
| 440 | 1 | _aEscala Educacional | |
| 697 | _aLITERATURA INFANTIL ESPANHOLA | ||
| 942 | _cBK | ||
| 999 |
_c189319 _d189319 |
||